000 00838nam a22002297a 4500
008 130821s2010 enka gr eng
020 _a9780199546367
040 _aCO-BoUCM
_bspa
_cAngélica Rojas (modificó)
_dAldemar Mondragón
041 0 0 _aeng
100 1 _aShin, Hyun Song
_933483
245 1 0 _aRisk and liquidity
_cHyun Song Shin
260 _aOxford (Oxfordshire, Inglaterra)
_bOxford University Press
_c2010
300 _axi, 192 páginas
_bgráficas
490 1 _aClarendon Lectures in Finance
504 _aIncluye referencias bibliográficas e índices
650 7 _aCrisis financiera
_912166
650 7 _aInstituciones financieras
_xAdministración
_933484
650 7 _aRiesgo (Economía)
_923788
690 _aEconomía
_9174
942 _cLIBRO
_a7
_e1
_mS556i
_2DEWEY
_h338.5
999 _c165171
_d165171